Focus (Record no. 79708)

MARC details
000 -LEADER
fixed length control field 00956cab a22002175a 4500
001 - CONTROL NUMBER
control field L142034
008 - FIXED-LENGTH DATA ELEMENTS--GENERAL INFORMATION
fixed length control field 080122e20080119xxk f 000 0 eng d
035 ## - SYSTEM CONTROL NUMBER
System control number (Sirsi) u142034
041 0# - LANGUAGE CODE
Language code of text/sound track or separate title eng
100 1# - MAIN ENTRY--PERSONAL NAME
Personal name Cunningham, Daniel
245 00 - TITLE STATEMENT
Title Focus
Remainder of title Hertfordshire
260 ## - PUBLICATION, DISTRIBUTION, ETC.
Date of publication, distribution, etc. 2008
490 ## - SERIES STATEMENT
Series statement Estates Gazette
Volume/sequential designation (0802) 19 January 2008, 107-121(9)
520 ## - SUMMARY, ETC.
Summary, etc. Reports on a regeneration project in the east of Hatfield town centre. Presents an overview of Hertfordshire's office market, showing the occupiers are not keen to relocate and developers are responding by pausing in their development plans. Considers the causes of problems with the property market. Examines the reasons for St Alban?s council?s refusal of planning consent for a rail freight depot.
590 ## - LOCAL NOTE (RLIN)
Local note KA
651 #4 - SUBJECT ADDED ENTRY--GEOGRAPHIC NAME
Geographic name England
Chronological subdivision 886-
690 ## - LOCAL SUBJECT ADDED ENTRY--TOPICAL TERM (OCLC, RLIN)
Topical term or geographic name as entry element PROPERTY-COMMERCIAL PROPERTY-COMMERCIAL PROPERTY MARKET
700 1# - ADDED ENTRY--PERSONAL NAME
Personal name Alexander, Mark
700 1# - ADDED ENTRY--PERSONAL NAME
Personal name Neale, Jon
942 ## - ADDED ENTRY ELEMENTS (KOHA)
Suppress in OPAC 0
Holdings
Withdrawn status Lost status Source of classification or shelving scheme Damaged status Not for loan Home library Current library Shelving location Date acquired Total Checkouts Full call number Barcode Date last seen Copy number Price effective from Koha item type
    Dewey Decimal Classification     London London Journal article 22/01/2008   L142034 142034-1001 06/08/2019 1 06/08/2019 Journal article